banner-ar

الاشياء تتداعى (رواية فرنسية) / (Record no. 41132)

MARC details
000 -الفاتح
حقل البيانات ثابتة الطول 00597nam a2200205Ia 4500
008 - عناصر البيانات ثابتة الطول - معلومات عامة
حقل البيانات ثابتة الطول 140319s9999 xx 000 0 ara d
040 ## - مصدر الفهرسة
وكالة الفهرسة الأصلية GCL /
وكالة النسخ GCL
082 04 - رقم تصنيف ديوى العشرى
رقم التصنيف 896.6762
رقم المادة ا ا
100 1# - المدخل الرئيسى - إسم شخصى
الإسم الشخصى انجيل بطرس سمعان
245 10 - بيان العنوان
العنوان الاشياء تتداعى (رواية فرنسية) /
بيان المسئوليه,etc انجيل بطرس سمعان
700 1# - المدخل الاضافى - اسم شخصى
الإسم الشخصى اتشيبى، سينوا
700 1# - المدخل الاضافى - اسم شخصى
الإسم الشخصى مرسى سعداللة
300 ## - الوصف المادى
التعداد 270 ص
490 ## - بيان السلسلة
عنوان السلسلة
650 04 - المدخل الاضافى بالموضوع-مصطلح موضوعى
مصطلح موضوعي الادب
650 04 - المدخل الاضافى بالموضوع-مصطلح موضوعى
مصطلح موضوعي الادب الافريقى
650 04 - المدخل الاضافى بالموضوع-مصطلح موضوعى
مصطلح موضوعي القصة المترجمة
942 ## - عناصر المدخل الإضافي( كوها)
مصدر التصنيف او مخطط الترفيف Dewey Decimal Classification
Koha [default] item type كتاب
Holdings
حالة التراجع حالة الفقد حالة تلف ليس للاعارة المكان المؤقت الموقع الحالى تاريخ الاكتساب اجمالي اﻻعارات رقم الطلب الباركود تاريخ اخر مشاهدة تاريخ تفعيل السعر نوع وعاء كوها
        مكتبة القاهرة الكبرى مكتبة القاهرة الكبرى 03/26/2014   896.6762\ا ا 99129 03/26/2014 03/26/2014 كتاب

Powered By

EGPV